| 000 | 00350nam a22001097a 4500 | ||
|---|---|---|---|
| 008 | 230313b |||||||| |||| 00| 0 eng d | ||
| 040 |
_aNational Science Library _cNational Science Library |
||
| 245 | _aस्नेह-संदेश | ||
| 246 | _aSneha sandesh | ||
| 260 |
_aPoona: _bAll India Non-Edible Oil Industry Association, _c1965 |
||
| 942 | _cCR | ||
| 999 |
_c7931 _d7931 |
||